Daryaab (Record no. 327239)

000 -LEADER
fixed length control field 00290 a2200133 4500
001 - CONTROL NUMBER
control field 92166
082 ## - DEWEY DECIMAL CLASSIFICATION NUMBER
Classification number 891.4391 WAF
090 ## - LOCALLY ASSIGNED LC-TYPE CALL NUMBER (OCLC); LOCAL CALL NUMBER (RLIN)
-- 44129
-- 44128
100 ## - MAIN ENTRY--PERSONAL NAME
Personal name Wafa Chishti
245 ## - TITLE STATEMENT
Title Daryaab
260 ## - PUBLICATION, DISTRIBUTION, ETC.
Place of publication, distribution, etc. Islamabad
Name of publisher, distributor, etc. Marasem
Date of publication, distribution, etc. 2012
300 ## - PHYSICAL DESCRIPTION
Extent 192p.
Other physical details Hb
500 ## - GENERAL NOTE
General note General Book
942 ## - ADDED ENTRY ELEMENTS (KOHA)
Institution code [OBSOLETE] CAE NUST
Call number prefix 891.4391 WAF
Holdings
Withdrawn status Lost status Damaged status Not for loan Collection code Permanent Location Current Location Date acquired Total Checkouts Full call number Barcode Date last seen Price effective from Koha item type
          College of Aeronautical Engineering (CAE) College of Aeronautical Engineering (CAE) 04/03/2017   891.4391 WAF CAE88528 04/05/2017 04/05/2017 Book
© 2023 Central Library, National University of Sciences and Technology. All Rights Reserved.